000 00511nam a22001937a 4500
003 MPLRDC
005 20220104194232.0
008 210129b ||||| |||| 00| 0 eng d
020 _a978-986-134-211-5
082 _a875.57 SCH
100 _aFERDINAND VON SCHIRACH
245 _a谁无罪
_c薛文瑜 译
250 _a初版
260 _a台湾
_b先觉出版股份有限公司
_c2013
300 _b
490 _a人文思潮: 103
650 _a德国文学--长篇小说
942 _cBK
_o875.57 SCH
999 _c65582
_d65572